01115nas a2200277Ia 4500001002800000003001000028008004100038040002500079041001300104100001800117210005000135222005000185245003900235250001100274260000900285501012300294300001400417362003100431500007100462650004600533700001100579942000700590957000600597999003300603952020100636A50/R176-13873 [r000011331]IT-MiCISF161014c99999999xx |||||||||||| ||und|| aIT-MiCISFcIT-MiCISF aITALIANO aPeri Vittorio aDocumenti. La famiglia in un mondo che cambia aDocumenti. La famiglia in un mondo che cambia 0aI compiti educativi della famiglia a1a ed. c1982 bCISF - Centro Internazionale Studi Famiglia - Via Giotto, 36 20145 MILANO (non commercial uses only)cCopyright 2016 app. 22-29 an. 27, marzo-aprile [1982] a Tema: pastorale-familiare, chiesa-domestica, educazione-familiare aPASTORALE - pastorale familiarevarticolo aAA.VV. cCR 71 a13873bSig1c235885d235885 0010406A_50_000000000000000_R17613873_R00001133171aCISFbCISFd2016-10-14l0oA50/R176-13873 [r000011331]r2016-10-14 00:00:00w2016-10-14yCRzData import 15.10.2016 / by Epidotti, Vaglietti